XIV Congreso nacional de derecho constitucional : (Registro nro. 20468)

Detalles MARC
000 -Cabecera
Campo de control interno 00642nam a2200181Ia 4500
005 - Fecha y hora del registro
control field 20260306172808.0
008 - Elementos de Longitud Fija
fixed length control field 260306t2023||||xx |||||||||||||| ||spa||
041 ## - Idioma
Codigo Idioma ESP
082 ## - DEWEY y NOTACIÓN INTERNA
Dewey 343.285
Notación Interna C265 T. 2
110 ## - AUTOR INSTTITUCIONAL
Autor Institucional XVI Congreso Nacional de Derecho Constitucional
245 #0 - TÍTULO DE MATERIAL BIBLIOGRÁFICO
Título XIV Congreso nacional de derecho constitucional :
Título paralelo "a 30 años de vigencia de la Constitución de 1993 y el Bicentenario de la Constitución Peruana de 1823". Homenaje a Domingo García Belaunde. Libro de ponencias
260 ## - CIUDAD, EDITORIAL, AÑO
Año 2023
300 ## - DESCRIPCIÓN
N° Páginas 652 páginas :
Dimensiones 24 cm.
650 ## - TEMAS
Temas Generalidades
654 ## - PROGRAMAS
Programa Dpto. de Derecho y Ciencia Política
942 ## - ELEMENTOS DE KOHA
Tipo de documento Libro
Nombre del creador Justo Noguera
Código de catalogador Justo Noguera
Esquema de clasificación Dewey Decimal Classification
Suppress in OPAC
Existencias
Codigo completo Registro Colección Copia número Disponibilidad Tipo de préstamo Biblioteca Actual Procedencia (Biblioteca) Ubicacón Fecha Ingreso Tipo de Adquisición Date last seen Total checkouts Price effective from Tipo de Item Estado del Material Fuente de Clasificación Damaged status Withdrawn status
343.285 C265 T. 2 1081007 Universidad Católica San Pablo 1 Disponible Disponible Víctor Andrés Belaunde Víctor Andrés Belaunde Primer piso 03/06/2026 Donación 06/03/2026   06/03/2026 Libro Bueno Dewey Decimal Classification